| 000 | 00677 a2200205 4500 | ||
|---|---|---|---|
| 020 | _a978-1-4133-1382-6 (pbk.) | ||
| 020 | _a1-4133-1382-5 (pbk.) | ||
| 040 | _aDLC | ||
| 082 | 0 | 4 | _a346.730486 |
| 100 | _a Pressman, David | ||
| 245 | 1 | 0 |
_aPatent it yourself : your step-by-step guide to filing at the U.S. Patent Office _byour step-by-step guide to filing at the U.S. Patent Office _cDavid Pressman. |
| 250 | _a15th ed. | ||
| 260 |
_aBerkeley, Calif. : _bNolo, _c2011. |
||
| 300 |
_a602 p. : _bill., forms ; _c28 cm. |
||
| 500 | _aIncludes index. | ||
| 650 | 0 | _aPatent practice | |
| 650 | 0 | _zUnited States. | |
| 700 | _4 David Pressman | ||
| 942 |
_cBK _k346.730486 PRE _2ddc |
||
| 999 |
_c11045 _d11045 |
||